000 01435nam a2200397 i 4500
001 768714001
003 CO-MdFUSB
005 20210524172310.0
007 ta
008 980923t1997 ck ab b 000 0 spa c
010 _a 98200514
020 _a9582101466
040 _aCGU
_cCO-MdFUSB
_dDLC
_dCO-MdFUSB
_bspa
_erda
041 1 _aspa
_heng
042 _apcc
043 _as-ck---
082 _223
_a980.4611
_bT761
100 1 _aTracy, Hugo,
_d1940-
_eautor
240 _aLa tierra es nuestra madre: Importancia de la tierra para la sobrevivencia del grupo étnico ika
245 1 0 _aKa'gi̳mmi̳ri nivizaku ni :
_bLa tierra es nuestra madre
_c/ Hugo Tracy ; traducido por Erasmo Pinzón, Nicolás Polo
246 _a= la tierra es nuestra madre
_bOtro punto de vista sobre la cuestión de las tierras en Colombia
250 _aPrimera edición
264 1 _aSantafé de Bogotá :
_bInstituto Lingüístico de Verano,
_c[1997]
264 4 _c© 1997
300 _ax, 110 páginas. :
_bilustraciones., mapas ;
_c23 cm.
336 _2rdacontent
_atexto
_btxt
337 _2rdamedia
_asin mediación
_bn
338 _2rdacarrier
_avolumen
_bnc
504 _aIncluye referencias bibliográficas (páginas. 97-107)
563 _aRústico
653 _aIndios de América del Sur - Tenencia de la tierra.
942 _cBK
945 _aJTF-925
999 _c66209
_d66209